000 00730nam a22002411 4500
999 _c5196
_d5196
001 4532692
003 GBCCL
005 20241126110535.0
008 800124t19651964pau b 000 0 eng
010 _a 65018922
040 _aDLC
_cDLC
_dDLC
050 0 0 _aBX5149.C6
_bS7
082 0 0 _a265.62
_bSTO
100 1 _aStott, John R. W.
_9325
245 1 0 _aConfess your sins;
_bthe way of reconciliation,
_cby John R. W. Stott.
260 _aPhiladelphia,
_bWestminster Press
_c[1966, c1964]
300 _a91, [1] p.
_c19 cm.
490 0 _aChristian foundations
504 _aBibliography: p. 91-[92]
650 0 _aConfession
_xAnglican Communion.
_99358
906 _a7
_bcbc
_corignew
_du
_eocip
_f19
_gy-gencatlg
942 _2ddc
_cBK
_01